<?xml version="1.0" encoding="UTF-8"?>
<marc:record xmlns:marc="http://www.loc.gov/MARC21/slim">
   <marc:leader>00000nam a2200000 a 4500</marc:leader>
   <marc:datafield ind1="1" ind2=" " tag="100">
      <marc:subfield code="a">Mertz, Peter</marc:subfield>
      <marc:subfield code="4">aut</marc:subfield>
      <marc:subfield code="e">Verfasser/-in</marc:subfield>
   </marc:datafield>
   <marc:datafield ind1=" " ind2=" " tag="653">
      <marc:subfield code="a">Wandern</marc:subfield>
   </marc:datafield>
   <marc:datafield ind1=" " ind2=" " tag="653">
      <marc:subfield code="a">Wanderführer</marc:subfield>
   </marc:datafield>
   <marc:datafield ind1=" " ind2=" " tag="653">
      <marc:subfield code="a">Tirol</marc:subfield>
   </marc:datafield>
   <marc:datafield ind1="0" ind2="0" tag="245">
      <marc:subfield code="a">Die schönsten Naturwanderungen in Tirol</marc:subfield>
   </marc:datafield>
   <marc:datafield ind1="0" ind2="0" tag="245">
      <marc:subfield code="c">Peter Mertz</marc:subfield>
   </marc:datafield>
   <marc:datafield ind1=" " ind2="1" tag="264">
      <marc:subfield code="a">Innsbruck</marc:subfield>
      <marc:subfield code="b">Loewenzahn</marc:subfield>
      <marc:subfield code="c">2006</marc:subfield>
   </marc:datafield>
   <marc:datafield ind1="1" ind2=" " tag="520">
      <marc:subfield code="a">Wanderführer mit naturkundlichem Tiefgang. (EH)      In manchen Wanderbüchern findet man nur Wegbeschreibungen, Hütteninformationen und Gipfelblicke. Dieses Buch erschließt dagegen die Landschaften der Täler und Berge geologisch, biologisch und kulturgeschichtlich, wobei der eindeutige Schwerpunkt auf der Beschreibung der Pflanzenwelt liegt. Warum auf einem Hang Wald wächst, auf einem andern dagegen Hochstauden oder ein Trockenrasen den Weg säumen, das hat vielfache Gründe, von der Geologie über klimatische Besonderheiten bis zur Nutzungsgeschichte. Die Vielfältigkeit Tiroler Landschaften entlang eindrucksvoller Wanderstrecken zu erschließen und dabei auch für Laien gut verständlich darzustellen, ist das Verdienst dieses Buchs, das nur zwei kleine Nachteile hat: Obwohl alle Wanderstrecken auf Detailkarten gut nachzuvollziehen sind, fehlt eine Übersichtskarte Tirols, um leicht zu verorten, wo die vorgeschlagenen Wandertouren liegen. Und zweitens, der Titel: Muss es immer der Superlativ sein? Trotzdem: Sehr empfehlenswert.  *bn* Johann Neumayer</marc:subfield>
   </marc:datafield>
   <marc:datafield ind1=" " ind2=" " tag="020">
      <marc:subfield code="a">9783706623599</marc:subfield>
      <marc:subfield code="9">9783706623599</marc:subfield>
   </marc:datafield>
   <marc:datafield ind1=" " ind2=" " tag="041">
      <marc:subfield code="a">ger</marc:subfield>
   </marc:datafield>
   <marc:datafield ind1=" " ind2=" " tag="300">
      <marc:subfield code="a">299 S. : zahlr. Ill.</marc:subfield>
   </marc:datafield>
</marc:record>
